000
00350nam a2200133Ia 4500
008
100328s9999 xx 000 0 und d
082
_b
72339
100
_a
जोशी श्रीकृष्ण स.
245
_a
त्रिदल
260
_b
सकाळ.
630
_a
त्रिदल
730
_a
त्रिदल
942
_c
BOOK
999
_c
558061
_d
558058